Library Banner

Islam in Victorian Britain: (Record no. 99915)

MARC details
000 -LEADER
fixed length control field 00452nam a22001577a 4500
005 - DATE AND TIME OF LATEST TRANSACTION
control field 20171110100117.0
008 - FIXED-LENGTH DATA ELEMENTS--GENERAL INFORMATION
fixed length control field 171110b xxu||||| |||| 00| 0 eng d
020 ## - INTERNATIONAL STANDARD BOOK NUMBER
International Standard Book Number 9781847740106
040 ## - CATALOGING SOURCE
Transcribing agency PK-LaUMT
082 ## - DEWEY DECIMAL CLASSIFICATION NUMBER
Classification number PKAC 297.092
Item number GEA-I
100 ## - MAIN ENTRY--PERSONAL NAME
Personal name Geaves , Ron
245 ## - TITLE STATEMENT
Title Islam in Victorian Britain:
Remainder of title the life and times of Abdullah Quilliam/
Statement of responsibility, etc Ron Geaves
260 ## - PUBLICATION, DISTRIBUTION, ETC. (IMPRINT)
Place of publication, distribution, etc Leicestershire,
Name of publisher, distributor, etc Kube publisher,
Date of publication, distribution, etc 2010
300 ## - PHYSICAL DESCRIPTION
Extent 344 p.
942 ## - ADDED ENTRY ELEMENTS (KOHA)
Koha item type Books
Holdings
Withdrawn status Lost status Damaged status Home library Current library Date acquired Full call number Barcode Date last seen Price effective from Koha item type
      UMT Main Campus UMT Main Campus 2017-11-10 PKAC 297.092 GEA-I 115796 2017-11-10 2017-11-10 Books